|
|
|
|
| LEADER |
00000nbm0a2200000 4500 |
| 001 |
233416 |
| 005 |
20231101231239.0 |
| 035 |
|
|
|a (RuTPU)RU\TPU\book\254494
|
| 090 |
|
|
|a 233416
|
| 100 |
|
|
|a 20130304d1973 k y0rusy50 ca
|
| 101 |
0 |
|
|a rus
|
| 102 |
|
|
|a RU
|
| 105 |
|
|
|a a m 001zy
|
| 200 |
1 |
|
|a Исследование и разработка алгоритмов и устройств для автоматического контроля ядерно-технических параметров уран-графитового ядерного реактора
|e диссертация на соискание ученой степени кандидата технических наук
|e спец. 05.13.14
|f В. К. Ясельский
|g Томский политехнический институт (ТПИ) ; науч. рук. Е. М. Белов
|
| 210 |
|
|
|a Томск
|c [Б. и.]
|d 1973
|
| 215 |
|
|
|a 225 л.
|c ил.
|
| 320 |
|
|
|a Библиогр.: с. 198-210 (209 назв.).
|
| 606 |
1 |
|
|a Ядерные реакторы, уран-графитовые
|2 stltpush
|3 (RuTPU)RU\TPU\subj\21728
|9 46680
|
| 610 |
1 |
|
|a ядерно-технические параметры
|
| 610 |
1 |
|
|a нейтронные потоки
|
| 610 |
1 |
|
|a распределение
|
| 610 |
1 |
|
|a контроль
|
| 610 |
1 |
|
|a аппаратура
|
| 610 |
1 |
|
|a реактивность
|
| 610 |
1 |
|
|a оперативный запас
|
| 610 |
1 |
|
|a аналоговые устройства
|
| 610 |
1 |
|
|a цифро-аналоговые устройства
|
| 610 |
1 |
|
|a ксенон
|
| 610 |
1 |
|
|a отравление реактора
|
| 610 |
1 |
|
|a диссертации
|
| 610 |
1 |
|
|a труды учёных ТПУ
|
| 675 |
|
|
|a 621.039.52(04)
|v 3
|
| 686 |
|
|
|a 05.13.14
|2 oksvnk
|
| 700 |
|
1 |
|a Ясельский
|b В. К.
|c специалист в области ядерных технологий
|c доцент Томского политехнического университета
|f 1941-
|g Владимир Карпович
|2 stltpush
|3 (RuTPU)RU\TPU\pers\30507
|
| 702 |
|
1 |
|a Белов
|b Е. М.
|4 727
|
| 712 |
0 |
2 |
|a Томский политехнический институт (ТПИ)
|c (1944-1991)
|2 stltpush
|3 (RuTPU)RU\TPU\col\1123
|
| 801 |
|
1 |
|a RU
|b 63413507
|c 20130304
|
| 801 |
|
2 |
|a RU
|b 63413507
|c 20130314
|g RCR
|
| 942 |
|
|
|c BK
|